Climate change : a multidisciplinary approach
This volume provides an up-to-date presentation of climate change and its implications for society. Burroughs, an expert on the subject, begins with balanced coverage of the physical principles of the global climate, its behavior on all timescales, and the evidence for and consequences of past chang...
Bewaard in:
| Hoofdauteur: | |
|---|---|
| Formaat: | Boek |
| Taal: | Undetermined |
| Gepubliceerd in: |
Cambridge
Cambridge University Press
2001
|
| Onderwerpen: | |
| Tags: |
Voeg label toe
Geen labels, Wees de eerste die dit record labelt!
|
| Thư viện lưu trữ: | Trung tâm Học liệu Trường Đại học Cần Thơ |
|---|
| LEADER | 00926nam a2200217Ia 4500 | ||
|---|---|---|---|
| 001 | CTU_169066 | ||
| 008 | 210402s9999 xx 000 0 und d | ||
| 020 | |c 38.29 | ||
| 082 | |a 551.6 | ||
| 082 | |b B972 | ||
| 100 | |a Burroughs, William James | ||
| 245 | 0 | |a Climate change : | |
| 245 | 2 | |b a multidisciplinary approach | |
| 245 | 0 | |c William James Burroughs | |
| 260 | |a Cambridge | ||
| 260 | |b Cambridge University Press | ||
| 260 | |c 2001 | ||
| 520 | |a This volume provides an up-to-date presentation of climate change and its implications for society. Burroughs, an expert on the subject, begins with balanced coverage of the physical principles of the global climate, its behavior on all timescales, and the evidence for and consequences of past change. | ||
| 650 | |a Climatic changes,Sự thay đổi khí hậu | ||
| 904 | |i Hồng Cẩm, Năm | ||
| 980 | |a Trung tâm Học liệu Trường Đại học Cần Thơ | ||